| 000 | 01061cam a2200229 4500 | ||
|---|---|---|---|
| 001 | WB3547-27 | ||
| 008 | 000000n1999 000 0 eng u | ||
| 035 | _a(Sirsi) u103013 | ||
| 245 | _aNAEA confirms housing market strength | ||
| 260 | _c1999 | ||
| 490 |
_aNegotiator _v14(23) 26 November 1999, 12(1) |
||
| 520 | _aBriefly summarises three reports on the housing market. The National Association of Estate Agents' (NAEA) economic report which says that the housing market will be in its strongest state for a decade. Shelter's "Housing market healthcheck" which predicts 20% house price rises in 2000 if current trends continue. The ISVA believes the market is entering a slowdown. | ||
| 590 | _aWB | ||
| 650 | _aHOUSING MARKET | ||
| 650 | _aRESIDENTIAL MARKET | ||
| 650 | _aHOUSE PRICES | ||
| 650 | _aNATIONAL ASSOCIATION OF ESTATE AGENTS | ||
| 650 | _aSHELTER | ||
| 650 | _aABOUT RICS-RELATED ORGANISATIONS-INCORPORATED SOCIETY OF VALUERS AND AUCTIONEERS | ||
| 690 | _aPROPERTY-RESIDENTIAL PROPERTY-RESIDENTIAL PROPERTY MARKET | ||
| 942 | _n0 | ||
| 999 |
_c61899 _d61899 |
||